KOBİler için fikri ve sınai mülkiyet hakları / (Record no. 200129692)
[ view plain ]
| 000 -LEADER | |
|---|---|
| fixed length control field | 00729 a2200241 4500 |
| 001 - CONTROL NUMBER | |
| control field | 200129692 |
| 003 - CONTROL NUMBER IDENTIFIER | |
| control field | TR-AnTOB |
| 005 - DATE AND TIME OF LATEST TRANSACTION | |
| control field | 20260331154128.0 |
| 040 ## - CATALOGING SOURCE | |
| Original cataloging agency | TR-AnTOB |
| 041 ## - LANGUAGE CODE | |
| Language code of text/sound track or separate title | Türkçe |
| 050 0# - LIBRARY OF CONGRESS CALL NUMBER | |
| Classification number | KKX1155 |
| Item number | .K63 2006 |
| 090 ## - LOCALLY ASSIGNED LC-TYPE CALL NUMBER (OCLC); LOCAL CALL NUMBER (RLIN) | |
| Classification number (OCLC) (R) ; Classification number, CALL (RLIN) (NR) | KKX1155 .K63 2006 |
| 245 00 - TITLE STATEMENT | |
| Title | KOBİler için fikri ve sınai mülkiyet hakları / |
| Statement of responsibility, etc. | Bilgin Tiryakioğlu ... [v.b.]. |
| 246 10 - VARYING FORM OF TITLE | |
| Title proper/short title | Fikri ve sınai mülkiyet hakları. |
| 264 #1 - PRODUCTION, PUBLICATION, DISTRIBUTION, MANUFACTURE, AND COPYRIGHT NOTICE | |
| Place of production, publication, distribution, manufacture | Ankara : |
| Name of producer, publisher, distributor, manufacturer | TOBB, |
| Date of production, publication, distribution, manufacture, or copyright notice | 2006 |
| 300 ## - PHYSICAL DESCRIPTION | |
| Extent | vi, 105 p. |
| Dimensions | 27 cm. |
| 650 #0 - SUBJECT ADDED ENTRY--TOPICAL TERM | |
| Topical term or geographic name entry element | Intellectual property |
| Geographic subdivision | Turkey |
| 9 (RLIN) | 71502 |
| Topical term or geographic name entry element | Fikri mülkiyet |
| Geographic subdivision | Türkiye |
| 9 (RLIN) | 126864 |
| 700 1# - ADDED ENTRY--PERSONAL NAME | |
| Personal name | Tiryakioğlu, Bilgin |
| 9 (RLIN) | 90330 |
| 710 2# - ADDED ENTRY--CORPORATE NAME | |
| Corporate name or jurisdiction name as entry element | Türkiye Odalar ve Borsalar Birliği |
| 9 (RLIN) | 18 |
| 942 ## - ADDED ENTRY ELEMENTS (KOHA) | |
| Koha item type | Book |
| Withdrawn status | Lost status | Source of classification or shelving scheme | Not for loan | Collection code | Home library | Current library | Shelving location | Date acquired | Source of acquisition | Cost, normal purchase price | Serial Enumeration / chronology | Inventory number | Total Checkouts | Total Holds | Full call number | Barcode | Copy number | Cost, replacement price | Date shelved | Koha item type |
|---|---|---|---|---|---|---|---|---|---|---|---|---|---|---|---|---|---|---|---|---|
| Ödünç Verilebilir / Available | Genel Koleksiyon | Merkez Kütüphane | Merkez Kütüphane | Genel Koleksiyon / Main Collection | 05/06/2013 | Bağış / Donation | 0.01 | 1 | HUK | KKX1155 .K63 2006 | TA01357 | 2 | 0.01 | Book | ||||||
| Ödünç Verilebilir / Available | Genel Koleksiyon | Merkez Kütüphane | Merkez Kütüphane | Genel Koleksiyon / Main Collection | 05/06/2013 | Bağış / Donation | 0.01 | 1 | HUK | KKX1155 .K63 2006 | TA01356 | 1 | 0.01 | Book |
